Регионална библиотека "Любен Каравелов" - Русе

Игри и игрови упражнения по математика І - ІІІ кл. (Запис номер 185998)

MARC детайли
000 -Лидер
Контролно поле с фиксирана дължина 01415nam a2200313 c 4500
003 - Код на организацията, давaща контролен номер
Контролно поле BLK
005 - Дата и час на последна редакция
Контролно поле 20230318030300.0
008 - Елементи от данни с фиксирана дължина
fixed length control field 180411b bul|||||r ||||||| ||bul||
010 ## - Наследен системен номер
LC control number KNG00194992000
040 ## - Източник на каталожния запис
Идентификатор на билиотеката - собственик на записа BLK
041 ## - Код за език
Код за езика на текст/звукозапис или на отделно заглавие Български
Код за езика КДБФ Български
080 ## - УДК
Текстов определител УДК Методика на математиката
УДК код - определител по УДК 373.3.016:51
УДК - код + определител 373.3.016:51
100 1# - Редна дума - Автор
Автор Манова, Ася
Авторска отговорност първи автор
R(LIN) 343998
139 ## - Редно поле
Редна дума Манова, Ася и др.
Авторски знак Мано - М 27
245 10 - Сведения за заглавието
Заглавие Игри и игрови упражнения по математика І - ІІІ кл.
Подзаглавни данни Помагало за студенти от ВПИ - Благоевград
Редно поле (дума) Ася Манова; съавт. Даниела Николова; съавт. Илия Димитров Гюдженов.
257 ## - Страна на издаване
Страна на създаване/издаване България
260 ## - Област на издателските данни
Име на издателя, разпространителя и проч. ВПИ
Година на издаване 1988
Място на издаване, разпространение и проч. София
300 ## - Физическа характеристика
Страници 166 с.
Илюстрации и др. с табл., сх., ил.
Размери/Мащаб 20 см
380 ## - Жанр
Жанр Обществени науки
500 ## - Общи забележки
Забележка 1 585 тир.
650 #4 - Допълнително описание по предмет – тема
Основно описание – тема или топоним Математика - методика на преподаването - за основни училища
9 (RLIN) 243467
700 1# - Други автори (авторска отговорност)
Лично име Николова, Даниела
Автороска отговорност (Описва отношението между автора и произведението) съавт.
9 (RLIN) 343999
700 1# - Други автори (авторска отговорност)
Лично име Гюдженов, Илия Димитров
Автороска отговорност (Описва отношението между автора и произведението) съавт.
9 (RLIN) 370800
852 ## - Местоположение
Форматна сигнатура Цб 157580
856 4# - Електронен адрес и достъп
Електронен формат pdf - файл
856 4# - Електронен адрес и достъп
Електронен формат pdf - файл
999 ## - СИСТЕМНИ КОНТРОЛНИ НОМЕРА
Koha biblionumber 185998
Koha biblioitemnumber 185998
942 ## - АРТИКУЛИ
Вид на библиотечния материал Книги
Скрит в OPAC Не
Koha issues (borrowed), all copies 5
Периодичен библиозапис Да
944 ## - СЪЗДАВАНЕ И РЕДАКЦИЯ на ЗАПИСА
Създаване/Редакция Създаване
Дата на регистрацията/редакция 02.11.2016
Служител, извършил регистрацията/редакцията Правда_Бадева
944 ## - СЪЗДАВАНЕ И РЕДАКЦИЯ на ЗАПИСА
Създаване/Редакция Редакция
Дата на регистрацията/редакция 02.11.2016
Служител, извършил регистрацията/редакцията Правда_Бадева
999 ## - СИСТЕМНИ КОНТРОЛНИ НОМЕРА
Koha biblioitemnumber 185998
Наличности
Код за отписване Код за изгубен артикул Източник на класификационната схема Код за повреда Коз за рестрикции Код за отдаване Артикулен № Име на библиотеката - собственик Име на библиотеката, в която се намира в момента Статус (Текущо местоположение) Дата на вписване в системата Местоположение - отдел Цена в лева Инвентарен номер Систематично азбучна сигнатура Баркод Номер на екземпляра Цена в евро Служебна бележка Служебен тип на артикула
  Не е изгубен Universal Decimal Classification Не е повреден без рестрикции ползва се в читалня 323224 Регионална библиотека "Любен Каравелов" Русе Регионална библиотека "Любен Каравелов" Русе Хранилище 1988-01-01 Хранилище 0.45 515559 Цб 157580 120000515559 1 0.23 N: стар фонд Дата: 01.01.1988 Книги
  Не е изгубен Universal Decimal Classification Не е повреден без рестрикции ползва се в читалня 323225 Регионална библиотека "Любен Каравелов" Русе Регионална библиотека "Любен Каравелов" Русе Хранилище 1988-01-01 Хранилище 0.00 574680 Цб 157580 120000574680 2 0.00 N: стар фонд Дата: 01.01.1988 Книги
Изтеглен Не е изгубен Universal Decimal Classification Не е повреден без рестрикции заемане за дома 323226 Регионална библиотека "Любен Каравелов" Русе Регионална библиотека "Любен Каравелов" Русе Количка 1988-01-01 Заемна - подръчен фонд 0.45 519626 373.3.016:51/М 27 А 120000519626 3 0.23 N: стар фонд Дата: 01.01.1988 Дата инв: 07.02.2018 Бележки инв: П2018 Книги
Изтеглен Не е изгубен Universal Decimal Classification Не е повреден без рестрикции заемане за дома 323227 Регионална библиотека "Любен Каравелов" Русе Регионална библиотека "Любен Каравелов" Русе Заемна - подръчен фонд 1988-01-01 Заемна - подръчен фонд 0.45 519628 П 372.47/М 27 519628 4 0.23 N: стар фонд Дата: 01.01.1988 Книги
Изтеглен Не е изгубен Universal Decimal Classification Не е повреден без рестрикции заемане за дома 323228 Регионална библиотека "Любен Каравелов" Русе Регионална библиотека "Любен Каравелов" Русе Заемна - подръчен фонд 1988-01-01 Заемна - подръчен фонд 0.45 519629 373.3.016:51/М 27 А 519629 5 0.23 N: стар фонд Дата: 01.01.1988 Дата инв: 07.02.2018 Бележки инв: П2018 Книги
Vip Innovations Ltd, Rousse, Bulgaria 2025